Histoire de France par lettre - N - Statistiques

Statistiques générales
  • Ce quiz a été pris 19 922 fois
  • Le résultat moyen est 12 sur 20
Statistiques - réponses
Indices Réponses % Correct
On lui doit le Code civil, la Légion d'honneur et cinq millions de morts Napoléon Ier
96%
Construite de 1163 à 1345, reconstruite de 2019 à 2024 Notre-Dame de Paris
94%
Prénom de Fouquet, Flamel ou encore Sarkozy Nicolas
93%
Idéologie au service de laquelle fut mise la police française par le régime de Vichy Nazisme
75%
Titre porté par les souverains de 1589 à 1789 puis de 1814 à 1830 : Roi de France et de ... Navarre
74%
Celle du 24 au 25 août 1572 a vu se dérouler le massacre de la Saint-Barthélemy, celle du 4 au 5 août 1789 l'abolition des privilèges Nuit
72%
Ordre privilégié sous l'Ancien Régime Noblesse
71%
Premier port négrier français entre les XVIe et XVIIIe siècles Nantes
70%
Possession pacifique française depuis 1854 que l'ONU appelle encore à décoloniser Nouvelle-Calédonie
70%
Duché d'origine du Guillaume qui conquit l'Angleterre en 1066 Normandie
60%
Colonia Narbo Martius à l'époque romaine, traversée par la via Domitia Narbonne
56%
Apothicaire connu pour sa pratique de l'astrologie et ses Prophéties Nostradamus
55%
L'Empire allemand ne respecta pas celle de la Belgique en 1914, lui permettant de prendre de court les troupes françaises Neutralité
50%
Nom donné à l'ensemble composé de la Louisiane, l'Acadie et le Canada français Nouvelle-France
49%
La bataille qui se déroula dans cette ville lorraine en 1477 vit la défaite et le trépas de Charles le Téméraire, dernier duc de Bourgogne indépendant Nancy
47%
Fondée sous le nom de Port-de-France, de violentes émeutes y éclatèrent en mai 2024 Nouméa
35%
Ile théâtre de trois importantes batailles de la guerre de Vendée en 1793-1794 Noirmoutier
32%
Maréchal de ce dernier, "brave des braves" Michel Ney
28%
Ville suisse sur laquelle régna une branche bâtarde de la maison royale de France entre 1504 et 1707 Neuchâtel
25%
Ministre des finances et principal ministre d'Etat au déclenchement de la Révolution française Jacques Necker
18%
Aucun quiz correspondant
Distribution des résultats
% des personnes avec chaque résultat
Percentile par nombre de réponses
Votre historique - résultats
Vous n’avez pas pris ce quiz